=LDR 00000nam 2200000 4500 =001 NUTBA000000000003403 =005 20140818143850.0 =006 =007 =008 =035 ##$$0010-081400000000248 =040 ##$$a Ind =082 ##$$a 612 =090 ##$$a 612$bDew p =100 ##$$a Dewi indra =245 ##$$a Prinsip-prinsip dasar ahli gizi$cDewi indra =250 ##$$a Cet.1 =260 ##$$a Jakarta$bDunia cerdas$c2013. =300 ##$$a V,163 Hlm$bIlus$c21 cm =850 ##$$a NBPDMAT =990 ##$$a 21404073 =990 ##$$a 0001/BPAP-NTB/20142014 =990 ##$$a 0001/BPAP-NTB/20142014 =990 ##$$a 0001/BPAP-NTB/20142014 =990 ##$$a 0001/BPAP-NTB/20142014 =990 ##$$a 0001/BPAP-NTB/2015